Statistics for Wildlife of Japan

Click here to take the quiz!

General Stats

  • This quiz has been taken 15 times
  • The average score is 9 of 12

Answer Stats

Answer% Correct
Asiatic Black Bear
100%
Red Fox
100%
Ussuri Brown Bear
100%
Japanese Giant Salamander
92%
Green Pheasant
83%
Wild Boar
83%
Japanese Macaque
75%
Red Crowned Crane
75%
Japanese Raccoon Dog
58%
Sika Deer
50%
Leopard Cat
42%
Japanese Serow
25%

Score Distribution

Percentile by Number Answered

Percent of People with Each Score

Your Score History

You have not taken this quiz